Slugterra Slugs Quiz Stats

 Plays Quiz not verified by Sporcle

Score 0/41 Timer 13:00
0 Plays Today
Hints Slug % Correct
EliInfurnus
91.5%
ZapTazerling
87.6%
Saved SlugterraBoon Doc
83.7%
KordRammstone
75.2%
IceFrostcrawler
74.9%
BOOM!Hop Rock
66.8%
SawThresher
66.4%
TrixieArachnet
64.2%
Eli's first winArmashelt
62.5%
AurasEnigmo
59.6%
BOOM BOOMGrenuke
59%
ProntoFlatulorhinkus
55%
Mario BravadoSpeedstinger
54.7%
TrixieTormato
53.7%
ENERGY!!!Fandango
51.8%
Snowdance CavernSlyren
51.8%
Got him to open a chestForgesmelter
51.1%
StickyJellyish
49.5%
Eli did not get it himselfCrystalyd
48.5%
The Scrap HeapXmitter
48.5%
CrystalGeoshard
47.9%
Hints Slug % Correct
Derp...Bubbaleone
47.6%
Almost diedAquabeek
46.9%
SplitPolero
45.6%
Looks like a rabbit then a sharkFlaringo
45.3%
Spikes and amazing megamorphDirt Urchin
45.3%
BOOM againBlastipede
45%
GlowPhosphoro
44.6%
Also stickyLariat
44.3%
MegaladonMakobreaker
43.6%
Saved stone minersVinedrill
43.3%
Fusion ShotNegashade
43.3%
SlugballSlicksilver
42.7%
VolcanoLavalynx
42.3%
Saved EliHoverbug
41.4%
DesertSand Angler
41%
Nitrous OxideGazzer
37.8%
Mr. SaturdayHypnogriff
36.2%
HolesDiggrix
35.2%
TwistThugglet
34.5%
MinesFrightgeist
33.6%

You're not logged in!

Compare scores with friends on all Sporcle quizzes.
OR
Log In

Sporcle TV

Today on Sporcle TV


Watch our educational content, quiz creation guides, and fun videos on Sporcle TV.

Show Comments

Extras

Created Jul 17, 2016ReportNominate
Tags:Rarity, slug

Top Quizzes Today


Score Distribution

Your Account Isn't Verified!

In order to create a playlist on Sporcle, you need to verify the email address you used during registration. Go to your Sporcle Settings to finish the process.

Report this User

Report this user for behavior that violates our Community Guidelines.

Details: